000 00407nam a22001457a 4500
003 OSt
005 20160727222348.0
008 160621b xxu||||| |||| 00| 0 eng d
040 _cTEST
100 _9303
_aAssociation of Indian Universities
245 _aHand Book Of Medical Education
260 _aN.D
_b Association of Indain Universities
_c1985
300 _aHand Book Of Medical Education
942 _2ddc
_cBK
999 _c245
_d245